|
|
|
|
| LEADER |
01380nam a2200397 a 4500 |
| 001 |
000228017 |
| 003 |
CZ BrMZK |
| 005 |
20171015153422.0 |
| 007 |
ta |
| 008 |
960815s1997 xr f cze d |
| 015 |
|
|
|a cnb000277005
|
| 020 |
|
|
|a 80-86013-23-5
|
| 035 |
|
|
|a (OCoLC)38454758
|
| 040 |
|
|
|a BOA001
|b cze
|
| 080 |
|
|
|a 007
|2 MRF
|
| 080 |
|
|
|a 008:519.7
|2 MRF
|
| 080 |
|
|
|a 519.7:008
|2 MRF
|
| 080 |
|
|
|a 681.3
|2 MRF
|
| 100 |
1 |
|
|a Leary, Timothy,
|d 1920-1996
|7 jn19990004932
|4 aut
|
| 245 |
1 |
0 |
|a Chaos a kyberkultura /
|c Timothy Leary.
|
| 260 |
|
|
|a Praha :
|b Maťa,
|c 1997
|
| 300 |
|
|
|a 371 s. :
|b il. ;
|c 20 cm
|
| 490 |
1 |
|
|a Nové trendy ;
|v sv. 2
|
| 500 |
|
|
|a Dostupné též v digitální podobě v aplikaci Kramerius
|
| 504 |
|
|
|a Obsahuje bibliografii
|
| 653 |
0 |
|
|a futurologie
|a kyberkultura
|
| 765 |
0 |
|
|t Chaos and cyber culture
|
| 830 |
|
0 |
|a Nové trendy
|0 s
|
| 856 |
4 |
1 |
|u http://www.digitalniknihovna.cz/mzk/uuid/uuid:0e2e2aa0-7268-11e5-9690-005056827e51
|y Digitalizovaný dokument
|x NDK
|
| 910 |
|
|
|a BOA001
|b 2-1037.267
|b PK-0128.616
|
| 920 |
|
|
|a 000246626
|
| 964 |
|
|
|a Kyberkultura
|x chaos
|x teorie
|
| 990 |
|
|
|a BK
|
| 991 |
|
|
|f 519 LEA
|
| 996 |
6 |
|
|b 2610058703
|c 2-1037.267
|l MZK
|r Sklad / do 1 hodiny
|n 85
|p p.v.
|w 000228017
|u 000010
|a 1
|e BOA001
|j MZK50
|s P
|
| 996 |
7 |
|
|b 3119009863
|c PK-0128.616
|l MZK
|r Sklad / do 1 hodiny
|n 10
|p kup
|w 000228017
|u 000020
|a 1
|e BOA001
|j MZK50
|s A
|